000
00331nam a22001457a 4500
003
SGT
082
_a
616.757
_b
C13C
100
_a
CURRY, THOMAS S.
245
_a
CHRISTENSEN'S PHYSICS OF DIAGNOSTIC RADIOLOGY
250
_a
4TH
260
_a
DELHI
_b
WOLTERS
_c
2015
300
_a
522
650
_a
RADIOLOGY
942
_2
ddc
_c
BK
_0
111
999
_c
10231
_d
10231